Macroeconomics

Saved in:
Bibliographic Details
Main Author: Gärtner, Manfred
Format: Book
Language:English
Published: Harlow FT Prentice Hall 2009
Edition:3rd ed.
Subjects:
Tags: Add Tag
No Tags, Be the first to tag this record!

MARC

LEADER 00000nam a2200000 4500
001 0148499
005 20240226124622.3
020 |a 978-0-273-71790-4 
041 0 |a eng 
044 |a GB 
245 1 0 |a Macroeconomics  |c Manfred Gärtner 
250 |a 3rd ed. 
264 1 |a Harlow  |b FT Prentice Hall  |c 2009 
300 |a 544 s. 
610 2 0 |a makroekonomika 
610 2 0 |a rozmach 
610 2 0 |a recesia 
610 2 0 |a peniaze 
610 2 0 |a globalizácia 
610 2 0 |a miera úroková 
610 2 0 |a kurz devízový 
610 2 0 |a ponuka 
610 2 0 |a dopyt 
610 2 0 |a rast hospodársky 
610 2 0 |a politika hospodárska 
610 2 0 |a inflácia 
610 2 0 |a deficit rozpočtový 
610 2 0 |a nezamestnanosť 
610 2 0 |a cykly obchodné 
100 1 |a Gärtner, Manfred